000 01222cam a22003377a 4500
003 CHAP
005 20220329142633.0
008 010920d2001 mx r 00110 spa d
010 _a85955
011 _a86927
035 _a97467
040 _cCHAP
090 _aTesis
100 0 0 _aMontoya Toledo, José Nelson.
_978007
245 1 0 _aPropuesta de educación ambiental para la reserva de la biósfera Sierra de Abra Tanchipa, S.L.P.
_c/por José Nelson Montoya Toledo
260 _aChapingo, Méx. :
_bEl autor,
_c2002.
300 _a75 h.
502 _aTesis (Ing. en Agroecología) -- UACH. Departamento de Agroecología
590 _aALEPH
_b10
_c20130110
_lUCH01
_h1447
590 _aBATCH-UPD
_b10
_c20130110
_lUCH01
_h0705
590 _aBATCH-UPD
_b10
_c20130410
_lUCH01
_h0350
590 _aBATCH-UPD
_b10
_c20130914
_lUCH01
_h1244
590 _aCONVERSION
_b10
_c20130109
_lUCH01
_h1348
650 1 4 _aEducación ambiental.
_935556
650 1 4 _aReserva de la biósfera Sierra de Abra Tanchipa, S.L.P.
_996098
901 _aBK
905 _aAlejandra Carrasco M.
942 _cFOLL
949 _aTesis
_bBC
_cTES
_d33724000867610
_eTS2
_fc.2
_h39530
_i97467
_si
949 _aTesis
_bBC
_cTES
_d974671
_eTS1
_h39529
_i97467
_sb
999 _c85955
_d85955